01330nam a2200337 a 4500001001200000003000800012006001900020007001500039008004100054010001700095020001500112020001800127020001800145040002100163035002100184043001200205050002500217082001500242100002000257245011300277260012600390300002600516504006400542533015200606650002200758655002900780700002300809710001700832856012600849999001700975ebr10231167CaPaEBRm u cr cn|||||||||750626s1975 mnua sb 001 0 eng d z 74016980  z0816607389 z9780816607389 z9780816662708 aCaPaEBRcCaPaEBR a(OCoLC)234387427 an-us-mn14aQL684.M6bG73 1975eb04a598.2/97761 aGreen, Janet C.10aMinnesota birdsh[electronic resource] :bwhere, when, and how many /cJanet C. Green and Robert B. Janssen. aMinneapolis :bPublished by the University of Minnesota Press, for the James Ford Bell Museum of Natural History,c[1975] axviii, 217 p. :bill. aIncludes bibliographical references (p. 207-210) and index. aElectronic reproduction.bPalo Alto, Calif. :cebrary,d2013.nAvailable via World Wide Web.nAccess may be limited to ebrary affiliated libraries. 0aBirdszMinnesota. 7aElectronic books.2local1 aJanssen, Robert B.2 aebrary, Inc.40uhttp://site.ebrary.com/lib/rucke/Doc?id=10231167zAn electronic book accessible through the World Wide Web; click to view c39560d39560